تحميل...

Hindi Upanyasom mein stri aasmita ki abhivyakti

التفاصيل البيبلوغرافية
المؤلف الرئيسي: Veena Yadav
التنسيق: Printed Book
منشور في: New Delhi Academic 2006
الموضوعات:
LEADER 00630nam a22001691a 4500
020 |a 9788190362528  |c 0.00 
040 |a SSUS - Library - Kalady 
082 |a H3 009 VEE/HIN  |b P06 
100 |a Veena Yadav 
245 |a Hindi Upanyasom mein stri aasmita ki abhivyakti  |h [Text] 
260 |a New Delhi  |b Academic  |c 2006 
300 |a 192p. 
600 |a Novel Hindi Criticism 
852 |h H3 009 VEE/HIN  |i P06  |p 058970  |9 450.00  |t 0 
942 |c BK 
999 |c 17744  |d 17744 
952 |0 0  |1 0  |4 0  |6 H_3_009000000000000_VEE_HIN_P06  |7 0  |9 25018  |a SSUS  |b SSUS  |c STACKS  |d 2015-01-08  |g 450.00  |l 2  |m 1  |o H3 009 VEE/HIN P06  |p 058970  |r 2015-09-15  |s 2015-09-01  |v 0.00  |w 2015-01-08  |y BK